| 000 | 00679nam a2200193 i 4500 | ||
|---|---|---|---|
| 001 | 181374 | ||
| 003 | ES-MaACL | ||
| 005 | 20240301062538.0 | ||
| 008 | 121220s1871 sp |||| | spa d | ||
| 080 | _a027(460.27 M) | ||
| 110 | 2 |
_aBiblioteca Nacional (España) _92188 |
|
| 245 | 1 | 0 | _aMemorias leídas en la Biblioteca Nacional en las sesiones públicas de los años 1863 y 1864. |
| 260 |
_aMadrid : _b[s.n.], _c1871 ( _fImp. de Rivadeneyra) |
||
| 300 |
_a48 p. ; _c27 cm. |
||
| 597 | _aPort. con grab. xil. | ||
| 610 | 2 | 4 |
_aBiblioteca Nacional (España)- _vMemorias. _9138862 |
| 852 | 4 |
_aES-MaACL _jT-118-F-6 _z- Enc. hol. en un vol. facticio |
|
| 999 |
_c181374 _d181374 |
||